Revolutionizing Innovation : Users, Communities, and Open Innovation /
Obra donde se analiza el cambio de paradigma de la innovación, sus procesos de gestión y organización, que vira del productor y sus incentivos como el principal motor del cambio técnico, a las necesidades del usuario y sus aportaciones de solución tecnológica compartidas a través de una red social d...
Saved in:
| Main Author: | |
|---|---|
| Other Authors: | |
| Format: | Book |
| Language: | English |
| Published: |
Cambridge, EUA :
Massachusetts Institute of Technology
2016, c2016
|
| Subjects: | |
| Tags: |
No Tags, Be the first to tag this record!
|
MARC
| LEADER | 00000nam^a2200000^a^4500 | ||
|---|---|---|---|
| 001 | 000373067 | ||
| 005 | 20250521000000.0 | ||
| 009 | 20260310120028.579 | ||
| 020 | |a 978-0-262-02977-3 | ||
| 037 | |a Acervo ITESO - Biblioteca | ||
| 041 | |a ING | ||
| 082 | |a 658. 4063 |b HAR | ||
| 100 | |a Harhoff, Dietmar |e (ed.) | ||
| 245 | 1 | 0 | |a Revolutionizing Innovation : |b Users, Communities, and Open Innovation / |c Ed. de Dietmar Harhoff, Karim R. Lakhani. |
| 264 | 4 | |a Cambridge, EUA : |b Massachusetts Institute of Technology |c 2016, c2016 | |
| 300 | |a XV, 577 p. | ||
| 336 | |a texto |b txt |2 rdacontenido | ||
| 337 | |a sin mediación |b n |2 rdamedio | ||
| 338 | |a volumen |b nc |2 rdasoporte | ||
| 520 | |a Obra donde se analiza el cambio de paradigma de la innovación, sus procesos de gestión y organización, que vira del productor y sus incentivos como el principal motor del cambio técnico, a las necesidades del usuario y sus aportaciones de solución tecnológica compartidas a través de una red social de conocimiento con las empresas y otros consumidores. | ||
| 521 | |a 2017 BO Licenciatura en Diseño de Indumentaria y Moda | ||
| 521 | |a 2019 BO Licenciatura en Ciencias de la Comunicación | ||
| 649 | |a XX | ||
| 650 | |a Desarrollo Tecnológico - |x Aspectos Económicos | ||
| 650 | |a Tecnología y Sociedad - |x Tema Principal | ||
| 650 | |a Redes Sociales | ||
| 650 | |a Diseño del Producto | ||
| 650 | |a Innovación Administrativa - |x Tema Principal | ||
| 650 | |a Cambio Organizacional | ||
| 650 | |a Proceso Administrativo - |x Dirección | ||
| 650 | |a Administración | ||
| 700 | |a Lakhani, Karim R. |e (edición) | ||
| 910 | |a Fondo General | ||
| 920 | |a Impresos - Libros | ||
| 930 | |a Colección General | ||
| 905 | |a 101 | ||
| 901 | |a 0500267309 |b IT1 |c ACC |i C150764 |u 20250521 | ||
| 901 | |a 0500285623 |b IT1 |c ACC |i C154331 |u 20250521 | ||
| 901 | |a 0500320600 |b IT1 |c ACC |i C165499 |u 20250521 | ||
| 901 | |a 0500320603 |b IT1 |c ACC |i C165498 |u 20250521 | ||
| 902 | |a https://opac.biblio.iteso.mx/vufind/Record/000373067 | ||